00441nam a2200181Ia 4500008004100000020001400041050001400055100001800069245002700087245004600114260001500160260001600175260000900191300001400200300002700214300001000241500000800251170918s9999 xx 000 0 und d a439314143 bL675 2000 aLewis, Paeony aI'll always love you / cPaeony Lewis ; illustrated by Penny Ives. aNew York : bScholastic, c2000 aunpaged : bcolored illustration ; c23cm. a240